[Event "Sochi Doroshkevich Amateur op"]
[Site "Sochi"]
[Date "2017.12.25"]
[Round "6"]
[White "Savelenko, Arseny"]
[Black "Kalinin, Nikita"]
[Result "1-0"]
[WhiteElo "1988"]
[BlackElo "2205"]
[PlyCount "59"]
[EventDate "2017.12.21"]
[EventType "swiss"]
[EventRounds "9"]
[EventCountry "RUS"]
[SourceTitle "CBM 182 Extra"]
[Source "ChessBase"]
[SourceDate "2018.02.23"]
[SourceVersion "1"]
[SourceVersionDate "2018.02.23"]
[SourceQuality "1"]

1. e4 e5 2. Nf3 Nc6 3. Bc4 Bc5 4. c3 Nf6 5. d3 d6 6. Bb3 h6 7. h3 0-0 8. Nbd2 a6 9. Nf1 d5 10. Qe2 d4 11. g4 Qd6 12. Rg1 Ne7 13. g5 Nh5 14. gxh6 g6 15. Nxe5 Qxe5 16. Rg5 Bf5 17. exf5 Qxe2+ 18. Kxe2 Nxf5 19. Rxg6+ Kh7 20. Rg5 Rae8+ 21. Kd1 Re5 22. f4 f6 23. Rxh5 Ne3+ 24. Bxe3 Rxh5 25. cxd4 Bd6 26. Be6 f5 27. Ke2 Rxh6 28. d5 Rxh3 29. Kf2 Kg6 30. Ng3 1-0

[Event "Sochi Doroshkevich Amateur op"]
[Site "Sochi"]
[Date "2017.12.21"]
[Round "1"]
[White "Kalinin, Nikita"]
[Black "Stepanyan, Eva"]
[Result "1-0"]
[WhiteElo "2205"]
[BlackElo "1872"]
[PlyCount "97"]
[EventDate "2017.12.21"]
[EventType "swiss"]
[EventRounds "9"]
[EventCountry "RUS"]
[SourceTitle "CBM 182 Extra"]
[Source "ChessBase"]
[SourceDate "2018.02.23"]
[SourceVersion "1"]
[SourceVersionDate "2018.02.23"]
[SourceQuality "1"]

1. e4 c6 2. d4 d5 3. exd5 cxd5 4. c4 Nf6 5. Nc3 e6 6. c5 Be7 7. Bf4 0-0 8. Nf3 b6 9. b4 Ne4 10. Qc2 Nc6 11. a3 bxc5 12. Nxe4 dxe4 13. Qxe4 Nxd4 14. Bd3 Nxf3+ 15. Qxf3 Bb7 16. Qxb7 Qxd3 17. Qxe7 Qd4 18. 0-0 Qxf4 19. bxc5 Rfe8 20. Qb7 Reb8 21. Qa6 Qd4 22. Rac1 Rc8 23. Rc4 Qd5 24. c6 Rc7 25. Qa4 Rd8 26. h3 h6 27. Rfc1 e5 28. Rc5 Qd2 29. Qe4 f6 30. R1c3 Qd1+ 31. Kh2 Qd4 32. Qb1 Qf4+ 33. Kg1 Qd4 34. Qf5 Kf7 35. R5c4 Qd1+ 36. Kh2 Rd4 37. Rc1 Qd2 38. Qh5+ Kf8 39. Rxd4 Qxd4 40. Rd1 Qf4+ 41. Kg1 Ke7 42. Qg6 Ke6 43. Qe8+ Re7 44. Qd7+ Kf7 45. c7 Rxd7 46. Rxd7+ Kg6 47. c8Q Qe4 48. Qe8+ Kh7 49. Qf7 1-0

[Event "Moscow op-A"]
[Site "Moscow"]
[Date "2016.02.04"]
[Round "6"]
[White "Kalinin, Nikita"]
[Black "Maksimov, Oleg"]
[Result "1-0"]
[WhiteElo "2200"]
[BlackElo "2333"]
[PlyCount "109"]
[EventDate "2016.01.30"]
[EventType "swiss"]
[EventRounds "9"]
[EventCountry "RUS"]
[SourceTitle "CBM 170 Extra"]
[Source "ChessBase"]
[SourceDate "2016.02.25"]
[SourceVersion "1"]
[SourceVersionDate "2016.02.25"]
[SourceQuality "1"]

1. e4 c5 2. Nf3 g6 3. d4 Bg7 4. Nc3 cxd4 5. Nxd4 Nc6 6. Be3 d6 7. Qd2 Nf6 8. f3 0-0 9. Bc4 Bd7 10. 0-0-0 Na5 11. Bb3 Nxb3+ 12. cxb3 Qa5 13. Kb1 Rfc8 14. Rc1 b5 15. Rc2 b4 16. Nce2 e5 17. Rxc8+ Rxc8 18. Nc2 d5 19. Qxb4 Qxb4 20. Nxb4 dxe4 21. Rc1 exf3 22. Rxc8+ Bxc8 23. gxf3 a6 24. Nd3 Nd5 25. Bd2 Bf5 26. Kc2 e4 27. fxe4 Bxe4 28. Ng3 Bg2 29. Nc5 f5 30. Kd3 Be5 31. Ke2 f4 32. Nf1 Nc7 33. Nd3 f3+ 34. Kf2 Bd4+ 35. Ne3 Nd5 36. Ne1 Bh1 37. Nxf3 Bxf3 38. Kxf3 Nxe3 39. Bxe3 Bxb2 40. Ke4 Kf7 41. Kd5 Bc3 42. Bc5 g5 43. b4 g4 44. a4 h5 45. a5 h4 46. b5 g3 47. hxg3 h3 48. Bg1 Bxa5 49. bxa6 Bb6 50. Bh2 Kf6 51. Ke4 Kg5 52. Kf3 Ba7 53. g4 Kh4 54. Bc7 Kg5 55. Bd8+ 1-0

[Event "Moscow op-A"]
[Site "Moscow"]
[Date "2015.02.05"]
[Round "6"]
[White "Kalinin, Nikita"]
[Black "Schekachikhin, Maksim"]
[Result "1-0"]
[WhiteElo "2139"]
[BlackElo "2306"]
[PlyCount "67"]
[EventDate "2015.01.31"]
[EventType "swiss"]
[EventRounds "9"]
[EventCountry "RUS"]
[SourceTitle "CBM 164 Extra"]
[Source "ChessBase"]
[SourceDate "2015.03.02"]
[SourceVersion "1"]
[SourceVersionDate "2015.03.02"]
[SourceQuality "1"]

1. b3 c5 2. Bb2 Nc6 3. e3 d6 4. f4 Nf6 5. Nf3 g6 6. Bb5 Bg7 7. 0-0 0-0 8. a4 Bd7 9. Na3 a6 10. Be2 Rc8 11. Nc4 Na5 12. Nxa5 Qxa5 13. Bc3 Qc7 14. a5 Rfe8 15. Qc1 Bb5 16. Bc4 e5 17. fxe5 dxe5 18. d3 Bxc4 19. bxc4 Bh6 20. Qe1 Ng4 21. e4 Bg7 22. Rb1 Re7 23. Rb6 h5 24. Qa1 Ne3 25. Rf2 Ng4 26. Rf1 Rce8 27. Qb2 Bh6 28. h3 Be3+ 29. Kh1 f5 30. hxg4 hxg4 31. Rxg6+ Kf7 32. Nh4 Bf4 33. Bxe5 Rxe5 34. Rxf4 1-0

[Event "Moscow op-A"]
[Site "Moscow"]
[Date "2015.01.31"]
[Round "1"]
[White "Kozionov, Kirill"]
[Black "Kalinin, Nikita"]
[Result "1-0"]
[WhiteElo "2391"]
[BlackElo "2139"]
[PlyCount "55"]
[EventDate "2015.01.31"]
[EventType "swiss"]
[EventRounds "9"]
[EventCountry "RUS"]
[SourceTitle "CBM 164 Extra"]
[Source "ChessBase"]
[SourceDate "2015.03.02"]
[SourceVersion "1"]
[SourceVersionDate "2015.03.02"]
[SourceQuality "1"]

1. e4 e5 2. Nf3 Nc6 3. Bb5 Bc5 4. c3 f5 5. d4 fxe4 6. Bxc6 dxc6 7. Nfd2 Be7 8. Qh5+ Kf8 9. Qxe5 Bd6 10. Qxe4 Nf6 11. Qe2 Bg4 12. f3 Qd7 13. 0-0 Re8 14. Qf2 Bf5 15. Ne4 Bxe4 16. fxe4 Rxe4 17. Bg5 Qg4 18. Bxf6 Rf4 19. Qxf4 Bxf4 20. Be5 Ke8 21. Bxf4 Rf8 22. Re1+ Kd7 23. Bg3 h5 24. Nd2 h4 25. Nc4 Kc8 26. Be5 b6 27. h3 Qd7 28. Ne3 1-0

[Event "Chigorin Memorial 22nd"]
[Site "St Petersburg"]
[Date "2014.10.22"]
[Round "5"]
[White "Kantyshev, Nikita"]
[Black "Kalinin, Nikita"]
[Result "0-1"]
[WhiteElo "1957"]
[BlackElo "2152"]
[PlyCount "94"]
[EventDate "2014.10.18"]
[EventType "swiss"]
[EventRounds "9"]
[EventCountry "RUS"]
[SourceTitle "EXT 2015"]
[Source "ChessBase"]
[SourceDate "2014.11.20"]
[SourceVersion "1"]
[SourceVersionDate "2014.11.20"]
[SourceQuality "1"]

1. e4 e5 2. Nf3 Nc6 3. Bb5 Bc5 4. 0-0 Nd4 5. Nxd4 Bxd4 6. c3 Bb6 7. d4 c6 8. Ba4 d6 9. Be3 Nf6 10. Nd2 0-0 11. h3 Re8 12. Bc2 d5 13. exd5 exd4 14. cxd4 Nxd5 15. Nc4 Nxe3 16. fxe3 Bc7 17. Qd3 g6 18. Nd2 Qh4 19. Rf3 Be6 20. Raf1 Rad8 21. Bb3 f5 22. Bxe6+ Rxe6 23. Qb3 Qe7 24. e4 f4 25. Rd3 Bb6 26. Kh1 Rxd4 27. Rxd4 Bxd4 28. Nf3 Bxb2 29. Qxb2 Rxe4 30. Rd1 c5 31. Qb3+ c4 32. Qb5 a6 33. Qa5 Kg7 34. Qc3+ Kh6 35. Rd5 Qe6 36. Ng5 Qxd5 37. Nxe4 Qxe4 38. Qf6 Qe1+ 39. Kh2 Qg3+ 40. Kh1 c3 41. Qf8+ Kh5 42. Qg7 h6 43. Qc7 c2 44. Qc8 Qe1+ 45. Kh2 Qe2 46. Qc5+ g5 47. Qc8 f3 0-1

[Event "Chigorin Memorial 22nd"]
[Site "St Petersburg"]
[Date "2014.10.20"]
[Round "3"]
[White "Oral, Tomas"]
[Black "Kalinin, Nikita"]
[Result "1/2-1/2"]
[WhiteElo "2513"]
[BlackElo "2152"]
[PlyCount "93"]
[EventDate "2014.10.18"]
[EventType "swiss"]
[EventRounds "9"]
[EventCountry "RUS"]
[SourceTitle "EXT 2015"]
[Source "ChessBase"]
[SourceDate "2014.11.20"]
[SourceVersion "1"]
[SourceVersionDate "2014.11.20"]
[SourceQuality "1"]

1. e4 e5 2. Nf3 Nc6 3. Bb5 Bc5 4. 0-0 Nd4 5. Nxd4 Bxd4 6. c3 Bb6 7. d4 c6 8. Bc4 d6 9. dxe5 dxe5 10. Qh5 Qe7 11. Bg5 Nf6 12. Qf3 h6 13. Bxf6 Qxf6 14. Qxf6 gxf6 15. a4 a5 16. Na3 Ke7 17. Kh1 Bc7 18. Rad1 Bg4 19. f3 Be6 20. Bxe6 fxe6 21. g3 Bd6 22. Nc4 Bc5 23. Rd3 b5 24. axb5 cxb5 25. Nxa5 Rxa5 26. b4 Bxb4 27. cxb4 Raa8 28. Rfd1 Rhd8 29. Rxd8 Rxd8 30. Rxd8 Kxd8 31. Kg2 Ke7 32. Kh3 Kf7 33. Kg4 Kg6 34. f4 h5+ 35. Kf3 exf4 36. Kxf4 h4 37. gxh4 Kh5 38. Kg3 Kg6 39. Kg4 Kh6 40. Kf4 Kh5 41. Kg3 Kg6 42. Kg4 Kh6 43. h5 Kg7 44. Kh4 Kh7 45. Kg4 Kg7 46. Kh4 Kh7 47. Kg4 1/2-1/2

[Event "Sochi Tseshkovsky Memorial op"]
[Site "Sochi"]
[Date "2014.09.24"]
[Round "8"]
[White "Kalinin, Nikita"]
[Black "Bryzgalin, Kirill"]
[Result "0-1"]
[WhiteElo "2149"]
[BlackElo "2448"]
[PlyCount "56"]
[EventDate "2014.09.17"]
[EventType "swiss"]
[EventRounds "9"]
[EventCountry "RUS"]
[SourceTitle "CBM 162 Extra"]
[Source "ChessBase"]
[SourceDate "2014.10.17"]
[SourceVersion "1"]
[SourceVersionDate "2014.10.17"]
[SourceQuality "1"]

1. e4 c5 2. Nf3 Nc6 3. d4 cxd4 4. Nxd4 Qc7 5. Nc3 e6 6. Be3 Nf6 7. f3 a6 8. Qd2 Ne5 9. 0-0-0 b5 10. Kb1 Bb7 11. g4 h6 12. Qf2 Rc8 13. Bd3 b4 14. Nce2 d5 15. exd5 Nxd5 16. Bc1 Nxd3 17. cxd3 Bc5 18. Qg3 0-0 19. Qxc7 Rxc7 20. Rhf1 a5 21. f4 a4 22. Nc2 Rfc8 23. Ng3 Bb6 24. Ne1 a3 25. Bd2 axb2 26. Kxb2 Bd4+ 27. Kb1 b3 28. axb3 Nc3+ 0-1

[Event "Sochi Tseshkovsky Memorial op"]
[Site "Sochi"]
[Date "2014.09.21"]
[Round "5"]
[White "Abrosimov, Nikolay"]
[Black "Kalinin, Nikita"]
[Result "0-1"]
[WhiteElo "1877"]
[BlackElo "2149"]
[PlyCount "82"]
[EventDate "2014.09.17"]
[EventType "swiss"]
[EventRounds "9"]
[EventCountry "RUS"]
[SourceTitle "CBM 162 Extra"]
[Source "ChessBase"]
[SourceDate "2014.10.17"]
[SourceVersion "1"]
[SourceVersionDate "2014.10.17"]
[SourceQuality "1"]

1. c4 e5 2. Nc3 f5 3. g3 Nf6 4. Bg2 g6 5. d3 Bg7 6. Nf3 Nc6 7. 0-0 0-0 8. e3 Kh8 9. Rb1 d6 10. b4 a6 11. Qb3 Be6 12. Ng5 Bg8 13. Qc2 h6 14. Nh3 d5 15. cxd5 Nxd5 16. Nxd5 Bxd5 17. f3 Qe7 18. a3 Rfd8 19. Nf2 a5 20. b5 Na7 21. a4 Nc8 22. e4 Be6 23. Be3 Qf7 24. Nd1 Nb6 25. Nc3 Rd7 26. Rfd1 Rad8 27. Rd2 f4 28. Bf2 Nc4 29. d4 Nxd2 30. d5 Nxb1 31. dxe6 Qxe6 32. Qxb1 Qc4 33. Nd5 c6 34. bxc6 bxc6 35. Bf1 Qxa4 36. Nb6 Rd1 37. Qb2 Qb5 38. Qxb5 cxb5 39. Nd5 b4 40. Bb6 R8xd5 41. exd5 b3 0-1

[Event "Voronezh op-A 18th"]
[Site "Voronezh"]
[Date "2014.06.13"]
[Round "2"]
[White "Lugovskoy, Maxim"]
[Black "Kalinin, Nikita"]
[Result "0-1"]
[WhiteElo "2393"]
[BlackElo "2137"]
[PlyCount "84"]
[EventDate "2014.06.12"]
[EventType "swiss"]
[EventRounds "9"]
[EventCountry "RUS"]
[SourceTitle "CBM 160 Extra"]
[Source "ChessBase"]
[SourceDate "2014.07.01"]
[SourceVersion "1"]
[SourceVersionDate "2014.07.01"]
[SourceQuality "1"]

1. e4 e5 2. Nf3 Nc6 3. Bc4 Bc5 4. 0-0 Nf6 5. d4 Bxd4 6. Nxd4 Nxd4 7. f4 d6 8. fxe5 dxe5 9. Bg5 Be6 10. Nd2 Qe7 11. c3 Nc6 12. b4 0-0-0 13. Qa4 Kb8 14. Bd5 Bxd5 15. exd5 Rxd5 16. Ne4 Qe6 17. Nc5 Qg4 18. Be3 Qc4 19. h3 Nd7 20. Nb3 Qxc3 21. Bc5 Nxc5 22. bxc5 f6 23. Qg4 Qe3+ 24. Kh1 Qh6 25. Rab1 Qg6 26. Qe2 Rhd8 27. Qb2 Qd3 28. Qf2 e4 29. Rfe1 f5 30. Qb2 b6 31. Qxg7 R8d7 32. Qf6 Kb7 33. Rec1 b5 34. Na5+ Nxa5 35. c6+ Nxc6 36. Qxc6+ Kb8 37. a4 e3 38. axb5 R5d6 39. Qc5 e2 40. Qf2 f4 41. Ra1 Qe3 42. Qe1 f3 0-1

[Event "Chigorin Memorial 21st"]
[Site "St Petersburg"]
[Date "2013.10.07"]
[Round "3"]
[White "Kalinin, Nikita"]
[Black "Baghdasaryan, Vahe"]
[Result "0-1"]
[WhiteElo "2167"]
[BlackElo "2395"]
[PlyCount "110"]
[EventDate "2013.10.05"]
[EventType "swiss"]
[EventRounds "9"]
[EventCountry "RUS"]
[SourceTitle "CBM 156 Extra"]
[Source "ChessBase"]
[SourceDate "2013.10.22"]
[SourceVersion "1"]
[SourceVersionDate "2013.10.22"]
[SourceQuality "1"]

1. d4 d5 2. c4 c6 3. cxd5 cxd5 4. Bf4 Nc6 5. e3 a6 6. Nc3 Nf6 7. Bd3 Bg4 8. Nge2 e6 9. Rc1 Bd6 10. f3 Bh5 11. g4 Bg6 12. h4 Bxd3 13. Qxd3 0-0 14. h5 Bxf4 15. exf4 Ne8 16. Kf2 Nd6 17. b3 Rc8 18. Na4 Qf6 19. Nc5 Rc7 20. a4 Rfc8 21. h6 g6 22. Qe3 Nxd4 23. Nxd4 Rxc5 24. g5 Qh8 25. Rxc5 Rxc5 26. Re1 Rc8 27. Nxe6 Nf5 28. Qb6 Qb2+ 29. Re2 Qc1 30. Nd8 Rc2 31. Nxb7 Rxe2+ 32. Kxe2 Qc2+ 33. Ke1 Qc3+ 34. Kd1 Qxf3+ 35. Ke1 Qe4+ 36. Kd1 Ne3+ 37. Kd2 Qg2+ 38. Kd3 Qf1+ 39. Kd4 Qxf4+ 40. Kc5 Qxg5 41. Qd6 Qxh6 42. Qxa6 Qh2 43. Qd6 Qc2+ 44. Kb4 Qd2+ 45. Kb5 Qd3+ 46. Kc6 Qc3+ 47. Nc5 Nf5 48. Qb8+ Kg7 49. b4 Qf6+ 50. Kxd5 Ne7+ 51. Kc4 Nc6 52. Qb7 h5 53. a5 h4 54. a6 h3 55. a7 Nxa7 0-1

[Event "Chigorin Memorial 21st"]
[Site "St Petersburg"]
[Date "2013.10.06"]
[Round "2"]
[White "Shpakovsky, Kirill"]
[Black "Kalinin, Nikita"]
[Result "0-1"]
[WhiteElo "1891"]
[BlackElo "2167"]
[PlyCount "84"]
[EventDate "2013.10.05"]
[EventType "swiss"]
[EventRounds "9"]
[EventCountry "RUS"]
[SourceTitle "CBM 156 Extra"]
[Source "ChessBase"]
[SourceDate "2013.10.22"]
[SourceVersion "1"]
[SourceVersionDate "2013.10.22"]
[SourceQuality "1"]

1. e4 c6 2. d4 d5 3. f3 e5 4. dxe5 Bc5 5. Bd3 Bxg1 6. Rxg1 dxe4 7. Bxe4 Qa5+ 8. Nc3 Qxe5 9. Qe2 Nf6 10. Bd3 Nbd7 11. Bf4 Qxe2+ 12. Bxe2 0-0 13. 0-0-0 Re8 14. Rge1 Nc5 15. Bd6 Ne6 16. f4 b6 17. f5 Ng5 18. Bd3 h6 19. h4 Rxe1 20. Rxe1 Ngh7 21. Re7 Bd7 22. Bc4 Bxf5 23. Bxf7+ Kh8 24. h5 Bg4 25. Re5 Ng5 26. Bg6 Bxh5 27. Bxh5 Nxh5 28. Be7 Re8 29. g4 Nf7 30. Re4 Ng3 31. Re1 Nf1 32. Kd1 Nh2 33. Re4 Nxg4 34. Ke2 Nge5 35. Bh4 Nd6 36. Rd4 Ng6+ 37. Kf2 Rf8+ 38. Kg1 Nf5 39. Rd8 Nfxh4 40. Rxf8+ Nxf8 41. b4 Nf3+ 42. Kg2 Ne1+ 0-1

[Event "Chigorin Memorial 20th"]
[Site "St Petersburg"]
[Date "2012.11.02"]
[Round "7"]
[White "Kalinin, Nikita"]
[Black "Leontiev, Aleksandr V"]
[Result "0-1"]
[WhiteElo "2153"]
[BlackElo "2321"]
[PlyCount "92"]
[EventDate "2012.10.27"]
[EventType "swiss"]
[EventRounds "9"]
[EventCountry "RUS"]
[SourceTitle "EXT 2013"]
[Source "ChessBase"]
[SourceDate "2012.11.22"]
[SourceVersion "1"]
[SourceVersionDate "2012.11.22"]
[SourceQuality "1"]

1. d4 Nf6 2. c4 g6 3. Nc3 d5 4. cxd5 Nxd5 5. Bd2 Nb6 6. Bf4 Bg7 7. e3 c5 8. Bb5+ Nc6 9. dxc5 Nd7 10. Nge2 0-0 11. 0-0 Nxc5 12. Rc1 Bf5 13. Nd5 Nd3 14. Bxd3 Qxd5 15. Bxf5 Qxf5 16. Qb3 e5 17. Qxb7 exf4 18. Qxc6 fxe3 19. fxe3 Qd3 20. Qc2 Qxe3+ 21. Kh1 Rad8 22. Rcd1 Rxd1 23. Rxd1 Re8 24. Ng3 Bxb2 25. Rf1 Bd4 26. Qc4 Re6 27. Rd1 Qf2 28. Qf1 Qxf1+ 29. Nxf1 Bb6 30. g3 Rf6 31. a4 Kf8 32. Ra1 Rf2 33. a5 Bd4 34. Rd1 Bc3 35. a6 Ra2 36. Rd6 Ke7 37. Rd3 Be5 38. Rb3 Rxa6 39. Ne3 Ke6 40. Rb5 Ra2 41. Nc4 Bd4 42. Rb3 Kd5 43. Na3 Rb2 44. Rf3 f5 45. h3 a5 46. Rf1 Rb3 0-1

[Event "Chigorin Memorial 20th"]
[Site "St Petersburg"]
[Date "2012.10.31"]
[Round "5"]
[White "Charochkina, Daria"]
[Black "Kalinin, Nikita"]
[Result "1-0"]
[WhiteElo "2343"]
[BlackElo "2153"]
[PlyCount "97"]
[EventDate "2012.10.27"]
[EventType "swiss"]
[EventRounds "9"]
[EventCountry "RUS"]
[SourceTitle "EXT 2013"]
[Source "ChessBase"]
[SourceDate "2012.11.22"]
[SourceVersion "1"]
[SourceVersionDate "2012.11.22"]
[SourceQuality "1"]

1. d4 Nf6 2. c4 e6 3. Nc3 c5 4. d5 exd5 5. cxd5 d6 6. e4 g6 7. f4 Bg7 8. Bb5+ Nfd7 9. a4 0-0 10. Nf3 Na6 11. 0-0 Nb4 12. f5 Ne5 13. Bf4 Nxf3+ 14. Qxf3 a6 15. Bc4 g5 16. Bd2 Bd4+ 17. Kh1 f6 18. h4 h6 19. Qh5 Rf7 20. Rf3 Qf8 21. Rh3 Qg7 22. Be2 Bd7 23. a5 Re7 24. Qf3 Rae8 25. Bd1 Kf8 26. Qf1 g4 27. Rg3 h5 28. Bf4 Be5 29. Bb3 Kg8 30. Qf2 Kh7 31. Rf1 Bb5 32. Rd1 c4 33. Bxe5 Rxe5 34. Bc2 Qc7 35. Ra1 Nd3 36. Bxd3 cxd3 37. Nxb5 axb5 38. Rxd3 Rxe4 39. Rc3 Rc4 40. Rxc4 bxc4 41. a6 Ra8 42. a7 b6 43. Qf4 c3 44. bxc3 Qxc3 45. Rc1 Qa3 46. Rc7+ Kg8 47. Qe4 Qa1+ 48. Kh2 g3+ 49. Kxg3 1-0

[Event "Moscow op-A"]
[Site "Moscow"]
[Date "2012.02.05"]
[Round "9"]
[White "Kalinin, Nikita"]
[Black "Aldokhin, Ivan"]
[Result "0-1"]
[WhiteElo "2194"]
[BlackElo "2376"]
[PlyCount "72"]
[EventDate "2012.01.28"]
[EventType "swiss"]
[EventRounds "9"]
[EventCountry "RUS"]
[SourceTitle "CBM 146 Extra"]
[Source "ChessBase"]
[SourceDate "2012.02.29"]
[SourceVersion "1"]
[SourceVersionDate "2012.02.29"]
[SourceQuality "1"]

1. e4 c5 2. Nf3 e6 3. Nc3 Nc6 4. Bb5 Nd4 5. 0-0 Ne7 6. Re1 a6 7. Bf1 Ng6 8. d3 Be7 9. Be3 Nxf3+ 10. Qxf3 0-0 11. d4 cxd4 12. Bxd4 d6 13. g3 Qc7 14. h4 b5 15. h5 Ne5 16. Bxe5 dxe5 17. Rac1 Bb7 18. a3 h6 19. Bg2 Bc5 20. Qe2 Rfd8 21. Red1 Qe7 22. Rxd8+ Rxd8 23. Rd1 Rc8 24. Nb1 Qg5 25. Kf1 Bc6 26. Bf3 Qe7 27. Kg2 Qb7 28. Nd2 Ba7 29. Nb3 Qb6 30. Qd2 f5 31. Re1 Rf8 32. exf5 Rxf5 33. Re3 Qb7 34. Bxc6 Qxc6+ 35. Kg1 Bxe3 36. Qxe3 Rxh5 0-1

[Event "Moscow op-A"]
[Site "Moscow"]
[Date "2012.02.04"]
[Round "8"]
[White "Ulko, Jaroslav"]
[Black "Kalinin, Nikita"]
[Result "1-0"]
[WhiteElo "2476"]
[BlackElo "2194"]
[PlyCount "69"]
[EventDate "2012.01.28"]
[EventType "swiss"]
[EventRounds "9"]
[EventCountry "RUS"]
[SourceTitle "CBM 146 Extra"]
[Source "ChessBase"]
[SourceDate "2012.02.29"]
[SourceVersion "1"]
[SourceVersionDate "2012.02.29"]
[SourceQuality "1"]

1. d4 d5 2. c4 c6 3. Nf3 Nf6 4. e3 e6 5. Bd3 Nbd7 6. 0-0 Bd6 7. Nc3 dxc4 8. Bxc4 b5 9. Bd3 0-0 10. b3 e5 11. Bb2 Re8 12. Ne4 Nxe4 13. Bxe4 Bb7 14. Rc1 Qb6 15. dxe5 Bxe5 16. Nxe5 Nxe5 17. Bd4 Qd8 18. Qh5 g6 19. Qh6 f6 20. Rfd1 Qc7 21. Qh4 Rf8 22. Qg3 Kg7 23. h4 Rfe8 24. h5 Qf7 25. hxg6 hxg6 26. f4 Nd7 27. Bxc6 Bxc6 28. Rxc6 Rac8 29. Rd6 Rc7 30. Qg4 Re7 31. Bb2 a5 32. e4 Kg8 33. e5 fxe5 34. Rxg6+ Kf8 35. fxe5 1-0

[Event "Moscow op-A"]
[Site "Moscow"]
[Date "2012.01.28"]
[Round "1"]
[White "Kalinin, Nikita"]
[Black "Sharafiev, Azat"]
[Result "0-1"]
[WhiteElo "2194"]
[BlackElo "2443"]
[PlyCount "82"]
[EventDate "2012.01.28"]
[EventType "swiss"]
[EventRounds "9"]
[EventCountry "RUS"]
[SourceTitle "CBM 146 Extra"]
[Source "ChessBase"]
[SourceDate "2012.02.29"]
[SourceVersion "1"]
[SourceVersionDate "2012.02.29"]
[SourceQuality "1"]

1. e4 c5 2. Nf3 a6 3. Nc3 b5 4. g3 Bb7 5. d3 g6 6. Bg2 Bg7 7. 0-0 Nc6 8. Be3 Nd4 9. Rb1 d6 10. Ne2 Nxf3+ 11. Bxf3 Nf6 12. Bg2 0-0 13. f4 e6 14. h3 Nd7 15. c3 Rc8 16. a4 Nb6 17. axb5 axb5 18. b4 c4 19. d4 f5 20. e5 Bxg2 21. Kxg2 Ra8 22. Ra1 Rf7 23. Qc2 Nd5 24. Bd2 Rfa7 25. Qb2 dxe5 26. fxe5 g5 27. Kh2 h6 28. Rxa7 Rxa7 29. Ra1 Rf7 30. Rf1 Qa8 31. Ra1 Qc6 32. h4 Nc7 33. hxg5 Qf3 34. Bf4 Qh5+ 35. Kg2 hxg5 36. Be3 f4 37. gxf4 Qg4+ 38. Kf2 gxf4 39. Bd2 Qh4+ 40. Kf3 Qh3+ 41. Kf2 f3 0-1